| 000 | 00367nam a2200133Ia 4500 | ||
|---|---|---|---|
| 008 | 231017s9999 xx 000 0 und d | ||
| 082 | _a620.136 | ||
| 082 | _bBIC | ||
| 245 | 2 | _aA state of the art review of high performance concrete structure built in Canada; 1990-2000 | |
| 245 | 0 | _cJohn A. Bickley | |
| 260 | _bJohn A. Bickley | ||
| 300 | _c30cm | ||
| 942 | _cREP | ||
| 999 |
_c605751 _d605751 |
||